000 00491nam a2200205Ia 4500
003 OSt
005 20251015145049.0
008 250729s2005 xx 000 0 und d
020 _a978-8171419166
040 _cAL
041 _aeng
082 _a640 SESM
100 _aSeshaiah Rama
_9223099
245 _aMethods of teaching home science
260 _aNew Delhi
_c2005
300 _a317p
650 _aHome Science
_9223100
700 _aRao Digumurthi
_9223101
942 _2ddc
_cBED
999 _c235743
_d235743